Tái cơ cấu đầu tư công, tái cơ cấu doanh nghiệp nhà nước và tái cơ cấu ngân hàng thương mại

"Cuốn sách khắc họa bức tranh toàn cảnh tái cơ cấu nền kinh tế và đưa ra đánh giá về những kết quả ban đầu của tái cơ cấu ba trọng tâm quan trọng nhất, từ đó đề xuất một số khuyến nghị, gợi ý chính sách góp phần thúc đẩy quá tr...

Cur síos iomlán

Đã lưu trong:
Sonraí Bibleagrafaíochta
Príomhúdar: Tô Thị Ánh Dương (Chủ biên)
Formáid: Leabhar
Teanga:Vietnamese
Foilsithe: H. Khoa học xã hội 2015
Ábhair:
Clibeanna: Cuir Clib Leis
Gan Chlibeanna, Bí ar an gcéad duine leis an taifead seo a chlibeáil!
Thư viện lưu trữ: Thư viện Trường Đại học Nam Cần Thơ
LEADER 01413nam a22002057a 4500
001 NCT_51442
008 180921b xxu||||| |||| 00| 0 vie d
999 |c 2457  |d 2457 
020 |c 57000 
082 0 4 |2 23rd ed.  |a 338.9597  |b D561 
100 1 |a Tô Thị Ánh Dương  |e Chủ biên 
245 1 0 |a Tái cơ cấu đầu tư công, tái cơ cấu doanh nghiệp nhà nước và tái cơ cấu ngân hàng thương mại  |c Tô Thị Ánh Dương 
260 |a H.  |b Khoa học xã hội  |c 2015 
300 |a 192 tr.  |b Biểu đồ  |c 21cm 
500 |a ĐTTS ghi: Viện Hàn lâm Khoa học xã hội Việt Nam. Viện Kinh tế Việt Nam 
520 3 |a "Cuốn sách khắc họa bức tranh toàn cảnh tái cơ cấu nền kinh tế và đưa ra đánh giá về những kết quả ban đầu của tái cơ cấu ba trọng tâm quan trọng nhất, từ đó đề xuất một số khuyến nghị, gợi ý chính sách góp phần thúc đẩy quá trình tái cơ cấu nền kinh tế trong thời gian tới." 
653 |a Quản trị kinh doanh 
942 |2 ddc  |c BK 
952 |0 0  |1 0  |2 ddc  |4 0  |6 338_959700000000000_D561  |7 0  |9 14098  |a 000001  |b 000001  |d 2018-09-21  |o 338.9597 D561  |p MD.13427  |r 2018-09-21  |v 57000.00  |w 2018-09-21  |y BK 
980 |a Thư viện Trường Đại học Nam Cần Thơ